=LDR 00000nam 2200000 4500 =001 INLIS000000000059929 =990 ##$$a 3202103620 =005 20211221074113 =035 ##$$a 0010-1221000156 =007 ta =008 211221###########################0#ind## =082 ##$$a 346.08 =084 ##$$a 346.08 Ind u =245 ##$$a Undang-Undang Perbankan No. 10 Tahun 1998 Tentang Perubahan Undang-Undang Nomor 7 Tahun 1992 Tentang Perbankan =300 ##$$a viii,120 halaman ; $c 21 cm. =650 #4$$a Bank dan Perbankan - Undang -Undang dan Peraturan =264 ##$$a jakarta :$b Sinar Grafika,$c 2007 =336 ##$$a teks$2 rdacontent =337 ##$$a lain-lain$2 rdamedia =338 ##$$a lain-lain$2 rdacarrier =990 ##$$a 36203620